000 00635nam a2200205 a 4500
005 20251210064121.0
008 060830s2003 mx r 000 0 spa d
020 _a9701508367
035 _aUPN01000146619
049 _aCG
050 4 _aRJ506 A9
_bH3.3
100 1 _aHarris, Sandra L.
245 1 0 _aHermanos de niños autistas :
_bintegración familiar /
_cSandra L. Harris ; tr. Pablo Manzano.
260 _aMéxico :
_bAlfaomega :
_bNarcea,
_c2003.
300 _a127 p.
534 _pTraducción de:
_tSiblings of children with autism
650 2 _aAutismo infantil
_92897
650 4 _aNIÑOS AUTISTAS
_911936
905 _aLibro
999 _c118765
_d118765